| 000 | 00549pam a2200181 i 4500 | ||
|---|---|---|---|
| 020 | _a007038097X | ||
| 082 | 0 | 0 |
_a671 _bLIT _cL-17, P-91 |
| 100 | 1 |
_aLittle, Richard L. _944979 |
|
| 245 | 1 | 0 |
_aMetalworking technology / _cRichard L. Little. |
| 260 |
_aNew York : _bMcGraw-Hill, Gregg Division, _cc1977. |
||
| 300 |
_aix, 430 p. : _bill. ; _c24 cm. |
||
| 500 | _aIncludes index. | ||
| 526 |
_a0 _b0 _c0 _d671_000000000000000_LIT |
||
| 526 |
_a0 _b0 _c0 _d671_000000000000000_LIT |
||
| 650 | 0 |
_aMCE _9379 |
|
| 650 | 0 |
_aMetal-work. _934700 |
|
| 942 |
_2ddc _cBK |
||
| 999 |
_c548612 _d548612 |
||